European airlines-Sudden death - Statistics

General Stats
  • This quiz has been taken 229 times
  • The average score is 12 of 17
Answers on the Grid
Answers color-coded by a green-red scale on the quiz's grid according to % correct below.
Air France
British Airways
Delta
SAS
Lufthansa
Spirit
Qantas
TUI
Avianca
Iberia
TAP
One World
Etihad
Frontier
KLM
Finnair
EasyJet
Cathay Pacific
Jambojet
Norwegian
Hainan
WIZZ
Airbaltic
LOT
RyanAir
Emirates
Atlantic
Indi Go
Belavia
Adria
 
Answer Stats
Answer % Correct
Air France
97%
British Airways
95%
Lufthansa
91%
RyanAir
77%
Finnair
76%
Iberia
75%
Norwegian
73%
EasyJet
68%
KLM
68%
SAS
68%
WIZZ
65%
Airbaltic
64%
TUI
57%
LOT
54%
TAP
53%
Belavia
43%
Adria
41%
No matching quizzes found
Score Distribution
Percent of People with Each Score
Percentile by Number Answered
Your Score History
You have not taken this quiz